000 01388nam a2200241Ia 4500
005 20211020110638.0
008 130821s2005 ck gr spa
020 _a9587015878
040 _aCo-BoUCM
_bspa
041 0 0 _aspa
111 1 _aPrimera reunión temática sobre promoción de las relaciones comerciales y concertación de negocios (2004 : Nov. 24 y 25: Bogotá)
_9132107
245 1 0 _aRed de Ciudades RAC Memorias
_cAlcaldía Mayor de Bogotá
260 _aBogotá (Colombia)
_bAlcaldía Mayor de Bogotá
_c2005
300 _a118 páginas
_e1 CD-ROM
490 _aColección Integración Regional
_v3
505 _aCD-ROM: Memorias 1 Reunión Temática sobre promoción de relaciones comerciales y concertación de negocios y Foro Andino: Las ciudades-región en el nuevo sistema económico internacional, una mirada desde la integración Andina. -- Documentos 2 Reunión Plenaria: Actas; Estatutos; Plan de Trabajo 2005-2006; Declaración de Bogotá.
650 0 4 _aCooperación internacional
_zPaíses andinos
_vCongresos, conferencias, etc.
_911969
650 0 4 _aEconomía internacional
_97543
650 0 4 _aRelaciones comerciales
_zPaíses andinos
_vCongresos, conferencias, etc.
_98039
651 _aPaíses andinos
_xIntegración económica
_vCongresos, conferencias, etc.
_927202
942 _cLIBRO
_a7
_e1
_mP953r
_2DEWEY
_h337.19
999 _c50091
_d50091